000 00861pam a2200277 i 4500
999 _c5972
_d5972
001 3244557
003 OSt
005 20200129151140.0
008 800714s1981 nyua b 001 0 eng
010 _a 80019186
020 _a0471059463
020 _a0471807915
040 _aDLC
_cDLC
_dDLC
050 0 0 _aTS155
_b.R45 1981
082 0 0 _a658.5
_219
_bRIG/P
100 _a Riggs, James L
_91633
245 1 0 _aProduction systems :
_bplanning, analysis, and control /
_cJames L. Riggs.
250 _a3d ed.
260 _aNew York :
_bWiley,
_cc1981.
300 _axv, 649 p. :
_bill. ;
_c24 cm.
490 0 _aThe Wiley series in management
504 _aIncludes bibliographies and index.
650 0 _aProduction management.
906 _a7
_bcbc
_corignew
_du
_eocip
_f19
_gy-gencatlg
942 _2ddc
_cBK
_h658.5
_iRIG/P
_k658.5
_mRIG/P